| 000 | 00730nam a2200241 i 4500 | ||
|---|---|---|---|
| 001 | 000007193 | ||
| 003 | DO-SdBNP | ||
| 005 | 20241125090057.0 | ||
| 007 | ta | ||
| 008 | 090907s1979 dr 001 0 spa d | ||
| 040 |
_aDO-SdBNP _bspa _cBNPHU _erda |
||
| 082 |
_axxxx _bT233p _222 |
||
| 100 |
_aTaveras Guzmán, Juan Arístides, _d1936- _92592 _eautor _4aut. |
||
| 245 | 1 | 0 |
_aPor los fueros del Cibao / _cJuan Arístides Taveras Guzmán. |
| 264 | 1 |
_aSanto Domingo : _bEditorial Padilla, _c1979. |
|
| 300 |
_a261 páginas _c21 cm. |
||
| 336 |
_atexto _btxt _2rdacontent |
||
| 337 |
_asin mediación _bn _2rdamedia |
||
| 338 |
_avolumen _bnc _2rdacarrier |
||
| 590 | _aInventariado, 2024/ YL | ||
| 910 | _aYLockward | ||
| 942 |
_2ddc _cLBS1 |
||
| 999 |
_c6974 _d6974 |
||